zpět

Detail výsledku týmu

Pivovarský Dvůr PO, Liberec

Datum a čas kvízu

37.5 Celkem bodů Celkový počet nahraných bodů na tomto kvízu bez doplňovacích otázek.
2. Pořadí na kvízu Konečné umístění týmu na tomto kvízu.

Zaznamenané odpovědi

# Otázka Odpověď Body Výsledky
1. Jeden politik sdílel na svém p... Jindřich Rajchl 1
2. Balendra Šáh se v pátek stal p... A 0
3. Letos slaví 20. výročí seriál,... Hannah Montana 0
4. Společnost Allwyn AG vstoupila... Karel Komárek 1
5. Po 33 letech se do České repub... Kaori Sakamoto; Ilia Malinin 1
6. „Jaké je hlavní město Gabonské... D 1
7. AZ Kvíz se na obrazovkách obje... 1 100 Kč 1
8. Doplňte tři slova do sloganu s... který vám zaplatí 1
9. Pod kterým názvem jsme mohli z... Rejžuj! 0
10. Kdo byl moderátorem soutěže, j... Marek Eben, Valtice 1